000 00428nam a2200181Ia 4500
001 23220
005 20260414150923.0
008 260414t2016||||xx |||||||||||||| ||spa||
041 _aESP
082 _a627
_bM26
100 _aMartínez Marín, Eduardo
_eAUT
245 0 _aHidráulica práctica
_b
260 _c2016
300 _axiii, 364 páginas :
_c24 cm.
650 _a0
654 _aCIC
942 _cLIB
_dJUS
_fJUS
_2ddc
_n
999 _c23220
_d23220